000 00913mam a2200253 4500
001 1259433
003 ARRUPE
005 20150414180139.0
008 820617c19671962cauac b 000 0 eng d
035 _a(OCoLC)ocm08525474
040 _aKLG
_cKLG
041 1 _aeng
_hlat
100 1 _aGalilei, Galileo,
_d1564-1642.
_911368
240 1 0 _aDialogo dei massimi sistemi.
_lEnglish
245 1 0 _aDialogue concerning the two chief world systems, Ptolemaic & Copernican;
_ctranslated by Stillman Drake. Foreword by Albert Einstein.
260 _aBerkeley,
_bUniversity of California Press,
_c1967 [c1962]
300 _axxvii, 505 p.
_billus., port.
_c21 cm.
500 _aWith facsim. of original t.p.
504 _aBibliographical references included in "Notes": p.[467]-500.
650 0 _aAstronomy
_vEarly works to 1800.
_913920
651 0 _aSolar system.
_913921
942 _2lcc
_cMONOGRAPH
999 _c122645
_d122645